01936agaaa2200277 45000010005000000030009000050050017000140070009000310080040000400400023000800410014001031000057001171300011001742450202001852500022003872600114004093000033005235080196005565110089007525200595008415380016014365460014014526500066014667000057015327000069015890697IT-RoPAU20220918181223.0d cvaizq50131s9999||||xx ||| | || ||und|| aIT-RoPAUcIT-RoPAU aITALIANO  aMonteverde Alejandro G.gCodice regista SPICS: 60278 aBELLA  aBELLA cProdotto da: Jones J. Pinckley D. -- Sceneggiatura: Severino Leo Million Patrick Monteverde Alejandro G. -- Diretto da: Monteverde Alejandro G.pBELLA (Rif. Codice opera principale : K0697) aEdizione Standard a(USA - MESSICO )bN.d. / Distribuzione: MULTIMEDIA SAN PAOLOg"2006 (1° ed.: 2011 ; Ed. Lingua Orig.: 2006)" aDVDbsonoro, col.c86 minuti a"Fotografia: Cadelago Andrew ; Montaggio: Villena F. Gutowski ; Musica: Altman Stephan; Sceneggiatura: Severino Leo Million Patrick Monteverde Alejandro G. ; Scenografia: Lassalle Richard ; " a"Verastegui Eduardo; Blanchard Tammy; Perez Manny; Aragon Angelica; Tirelli Jaime; " aJOSE' SI TROVA SULLA SPIAGGIA, RICORDANDO UN GIORNO DI QUATTRO O CINQUE ANNI PRIMA, CHE CONDIVISE CON NINA E CHE CAMBIO' LE LORO VITE. NINA ERA CAMERIERA NEL RISTORANTE IN CUI JOSE' ERA IL CUOCO. UN TRAGICO AVVENIMENTO DEL PASSATO CONTINUAVA A PERSEGUITARLO. NINA DOVEVA PRENDERE UNA DIFFICILE E DRAMMATICA DECISIONE. QUANDO NINA SCOPRE COME LA FAMIGLIA DI JOSE' LO AVESSE AIUTATO A AFFRONTARE LA SUA TRAGEDIA, IN NINA AVVIENE UNA TRASFORMAZIONE. E RIESCE A PRENDERE QUELLA DECISIONE CHE UNIRA' PER SEMPRE LE LORO VITE, AL DI LA' DI UNA SEMPLICE STORIA D'AMORE. VINCITORE DI NUMEROSI PREMI. aPAL, STEREO aITALIANO  aDRAMMA - ROMANTICeDVD-FILM [DVD]xCodice MATERIA SPICS: 9947 aAltman Stephane(musica)gCodice Musica SPICS: 60279 aMonteverde Alejandro G. e(regista)gCodice regista SPICS: 60278